5HLuxD.jpg

KING HENRY VIII SENIOR AND PRIMARY SCHOOL LIBRARY OPAC

Economics for Cambridge international AS and A Level. (Record no. 2516)

000 -LEADER
fixed length control field 01017nam a22003258i 4500
001 - CONTROL NUMBER
control field 020768241
003 - CONTROL NUMBER IDENTIFIER
control field UkOxU
005 - DATE AND TIME OF LATEST TRANSACTION
control field 20230704150414.0
008 - FIXED-LENGTH DATA ELEMENTS--GENERAL INFORMATION
fixed length control field 170118s2017 enka 000|0|eng|d
015 ## - NATIONAL BIBLIOGRAPHY NUMBER
National bibliography number GBB710516
Source bnb
016 7# - NATIONAL BIBLIOGRAPHIC AGENCY CONTROL NUMBER
Record control number 018188570
Source Uk
020 ## - INTERNATIONAL STANDARD BOOK NUMBER
International Standard Book Number 9780198399742
035 ## - SYSTEM CONTROL NUMBER
System control number (Uk)018188570
040 ## - CATALOGING SOURCE
Original cataloging agency StDuBDS
Language of cataloging eng
Description conventions rda
Transcribing agency StDuBDS
Modifying agency KH8
082 04 - DEWEY DECIMAL CLASSIFICATION NUMBER
Classification number 330 COO
100 1# - MAIN ENTRY--PERSONAL NAME
Personal name Cook, Terry
Titles and words associated with a name (Economics teacher),
Relator term author.
245 10 - TITLE STATEMENT
Title Economics for Cambridge international AS and A Level.
Number of part/section of a work Student book /
Statement of responsibility, etc. Terry Cook, Clive Riches, Richard Taylor.
263 ## - PROJECTED PUBLICATION DATE
Projected publication date 201701
264 #1 - PRODUCTION, PUBLICATION, DISTRIBUTION, MANUFACTURE, AND COPYRIGHT NOTICE
Place of production, publication, distribution, manufacture Oxford :
Name of producer, publisher, distributor, manufacturer Oxford University Press,
Date of production, publication, distribution, manufacture, or copyright notice 2017.
300 ## - PHYSICAL DESCRIPTION
Extent 1 volume :
Other physical details illustrations (colour) ;
Dimensions 27 cm
336 ## - CONTENT TYPE
Content type term text
Source rdacontent
336 ## - CONTENT TYPE
Content type term still image
Source rdacontent
337 ## - MEDIA TYPE
Media type term unmediated
Source rdamedia
338 ## - CARRIER TYPE
Carrier type term volume
Source rdacarrier
500 ## - GENERAL NOTE
General note Includes Internet access.
650 #0 - SUBJECT ADDED ENTRY--TOPICAL TERM
Topical term or geographic name entry element Economics.
700 1# - ADDED ENTRY--PERSONAL NAME
Personal name Riches, Clive,
Relator term author.
700 1# - ADDED ENTRY--PERSONAL NAME
Personal name Taylor, Richard,
Relator term author.
942 ## - ADDED ENTRY ELEMENTS (KOHA)
Source of classification or shelving scheme
Koha item type Teaching Resources
Holdings
Withdrawn status Lost status Source of classification or shelving scheme Damaged status Not for loan Collection code Permanent Location Current Location Shelving location Date acquired Full call number Barcode Date last seen Price effective from Koha item type Total Checkouts Date last checked out
          Teaching Resources KH8 Senior School Library KH8 Senior School Library Staff Office 2023-07-04 330 COO TRKHSL000543 2023-07-04 2023-07-04 Teaching Resources    
          Teaching Resources KH8 Senior School Library KH8 Senior School Library Staff Office 2023-07-04 330 COO TRKHSL000544 2025-06-04 2023-07-04 Teaching Resources 1 2024-11-15
          Teaching Resources KH8 Senior School Library KH8 Senior School Library Staff Office 2023-07-04 330 COO TRKHSL000546 2023-07-04 2023-07-04 Teaching Resources    
          Teaching Resources KH8 Senior School Library KH8 Senior School Library Staff Office 2023-08-30 330 COO TRKHSL001056 2023-08-30 2023-08-30 Teaching Resources    
          Teaching Resources KH8 Senior School Library KH8 Senior School Library Staff Office 2023-12-13 330 COO TRKHSL005095 2023-12-13 2023-12-13 Teaching Resources    
          Teaching Resources KH8 Senior School Library KH8 Senior School Library Staff Office 2024-06-28 330 COO TRKHSL005549 2024-06-28 2024-06-28 Teaching Resources    
          Teaching Resources KH8 Senior School Library KH8 Senior School Library Staff Office 2024-06-28 330 COO TRKHSL005550 2024-06-28 2024-06-28 Teaching Resources    
          Teaching Resources KH8 Senior School Library KH8 Senior School Library Staff Office 2024-06-28 330 COO TRKHSL005551 2024-06-28 2024-06-28 Teaching Resources    
          Teaching Resources KH8 Senior School Library KH8 Senior School Library Staff Office 2024-07-30 330 COO TRKHSL005562 2025-06-24 2024-07-30 Teaching Resources 1 2024-08-29
          Teaching Resources KH8 Senior School Library KH8 Senior School Library Staff Office 2024-10-26 330 COO TRKHSL005912 2025-06-09 2024-10-26 Teaching Resources 1 2024-11-05
          Teaching Resources KH8 Senior School Library KH8 Senior School Library Staff Office 2025-06-12 330 COO TRKHSL000545 2025-06-12 2025-06-12 Teaching Resources    

Powered By KH8 IT Dept